00389nam a22001337a 450000500170000000800410001704100120005808200120007010000120008224500610009426000440015530000310019965000250023020241113131911.0241113b |||||||| |||| 00| 0 eng d aEnglish a349 SOU lEnglish aSouth African Law Reports: Transvaal Provincial Division aCape Town:bJuta and Company Ltd,c1931 bxxviii, 340 pages;c25 cm. aLegal practice bLaw